Электроустановки: сборник нормативных документов; Правила технической эксплуатации электроустановок потребителей; Межотраслевые правила по охране труда (правила безопасности) при эксплуатации электроустановок; Список принятых в Межотраслевых правилах по охране труда (правилах безопасности) при эксплуатации электроустановок сокращений; Приложения к Межотраслевым правилам по охране труда (правилам безопасности) при эксплуатации электроустановок, утвержденным постановлением Минтруда России от 5 января 2001 г. № 3 и приказом Минэнерго России от 27 января 2001 г. № 163; Инструкции по применению и испытанию средств защиты, используемых в электроустановках; Правила учета электрической энергии

Detalles Bibliográficos
Summary:Официальные тексты по состоянию на 01.03.2006 г.
В сборник включены основные нормативные документы, регламентирующие эксплуатацию электроустановок: Правила технической эксплуатации электроустановок потребителей;Межотраслевые правила по охране труда (правила безопасности) при эксплуатации электроустановок (с изменениями и дополнениями);Инструкция по применению и испытанию средств защиты, используемых в электроустановках; Методические указания по допуску в эксплуатацию новых и реконструированных электрических и тепловых энергоустановок; Инструкция по переключениям в электроустановках; Правила учета электроэнергии. Для руководителей и специалистов предприятий и организаций различных отраслей, форм собственности и ведомственной подчиненности, связанных с эксплуатацией электроустановок.
Idioma:ruso
Publicado: Москва, ЭНАС, 2006
TOC:Правила технической эксплуатации электроустановок потребителей;
Межотраслевые правила по охране труда (правила безопасности) при эксплуатации электроустановок;
Список принятых в Межотраслевых правилах по охране труда (правилах безопасности) при эксплуатации электроустановок сокращений;
Приложения к Межотраслевым правилам по охране труда (правилам безопасности) при эксплуатации электроустановок, утвержденным постановлением Минтруда России от 5 января 2001 г. № 3 и приказом Минэнерго России от 27 января 2001 г. № 163;
Инструкции по применению и испытанию средств защиты, используемых в электроустановках;
Правила учета электрической энергии;
Series:Нормативная база
Subjects:
Formato: MixedMaterials Libro
KOHA link:https://koha.lib.tpu.ru/cgi-bin/koha/opac-detail.pl?biblionumber=106116

MARC

LEADER 00000nam0a2200000 4500
001 106116
005 20231031114754.0
010 |a 5931966420 
035 |a (RuTPU)RU\TPU\book\114513 
090 |a 106116 
100 |a 20061201d2006 k y0rusy50 ca 
101 0 |a rus 
102 |a RU 
105 |a y l 000zy 
200 1 |a Электроустановки  |e сборник нормативных документов 
210 |a Москва  |c ЭНАС  |d 2006 
215 |a 688 с. 
225 1 |a Нормативная база 
300 |a Официальные тексты по состоянию на 01.03.2006 г. 
330 |a В сборник включены основные нормативные документы, регламентирующие эксплуатацию электроустановок: Правила технической эксплуатации электроустановок потребителей;Межотраслевые правила по охране труда (правила безопасности) при эксплуатации электроустановок (с изменениями и дополнениями);Инструкция по применению и испытанию средств защиты, используемых в электроустановках; Методические указания по допуску в эксплуатацию новых и реконструированных электрических и тепловых энергоустановок; Инструкция по переключениям в электроустановках; Правила учета электроэнергии. Для руководителей и специалистов предприятий и организаций различных отраслей, форм собственности и ведомственной подчиненности, связанных с эксплуатацией электроустановок. 
464 |t Правила технической эксплуатации электроустановок потребителей 
464 |t Межотраслевые правила по охране труда (правила безопасности) при эксплуатации электроустановок  
464 |t Список принятых в Межотраслевых правилах по охране труда (правилах безопасности) при эксплуатации электроустановок сокращений 
464 |t Приложения к Межотраслевым правилам по охране труда (правилам безопасности) при эксплуатации электроустановок, утвержденным постановлением Минтруда России от 5 января 2001 г. № 3 и приказом Минэнерго России от 27 января 2001 г. № 163 
464 |t Инструкции по применению и испытанию средств защиты, используемых в электроустановках  
464 |t Правила учета электрической энергии 
610 1 |a электроэнергетика 
610 1 |a электрические установки 
610 1 |a электрооборудование 
610 1 |a электроустановки специального назначения 
610 1 |a безопасность 
610 1 |a охрана труда 
610 1 |a испытания 
610 1 |a измерения 
610 1 |a релейная защита 
610 1 |a электроавтоматика 
610 1 |a средства измерений 
610 1 |a переносные электроизмерительные приборы 
610 1 |a допуски 
610 1 |a средства защиты 
610 1 |a средства индивидуальной защиты 
610 1 |a переключения 
610 1 |a выключатели 
610 1 |a ремонт 
610 1 |a электрическая энергия 
610 1 |a учет 
610 1 |a правила 
675 |a 621.31.004(083.13)  |v 3 
801 1 |a RU  |b 63413507  |c 20061201  |g PSBO 
801 2 |a RU  |b 63413507  |c 20090305  |g PSBO 
942 |c BK